Huelga de masas, partido y sindicatos
Guardado en:
| Hovedforfatter: | |
|---|---|
| Format: | Texto |
| Udgivet: |
México D.F.:
Grijalbo
|
| Tags: |
Tilføj Tag
Ingen Tags, Vær først til at tagge denne postø!
|
MARC
| LEADER | 00000 a a2200000 04500 | ||
|---|---|---|---|
| 001 | 22557 | ||
| 003 | |||
| 040 | |||
| 020 | |a 84-253-0540-3 | ||
| 090 | |a 154200 | ||
| 100 | |a Luxemburgo, Rosa | ||
| 245 | |a Huelga de masas, partido y sindicatos | ||
| 260 | |a México D.F.: |b Grijalbo | ||
| 300 | |a 157 p. | ||
| 999 | |c 13204 |d 13204 | ||



